Tư tưởng nhân quả của Phật giáo và ảnh hưởng của nó đối với đời sống của người dân Quảng Trị trong thời đại ngày nay

Khái quát chung về phật giáo và quá trình du nhập và phát triển phật giáo Việt Nam. Tư tưởng nhân quả và ảnh hưởng của nó đối với đời sống người dân Quảng Trị

Đã lưu trong:
書目詳細資料
主要作者: Ngô Thị Hiệp
其他作者: Trần Ngọc Ánh T.S (Hướng dẫn)
格式: 圖書
語言:Vietnamese
出版: Đà Nẵng Đại học Sư phạm, Đại học Đà Nẵng 2013
主題:
標簽: 添加標簽
沒有標簽, 成為第一個標記此記錄!
Thư viện lưu trữ: Mạng thư viện Đại học Đà Nẵng
LEADER 01874nam a2200373 4500
001 000018448
003 14879
005 20131114151150.0
008 131107s2013 viesd
041 |a vie 
082 1 4 |a 294.3071  |b NG-H 
100 1 |a Ngô Thị Hiệp 
245 1 |a Tư tưởng nhân quả của Phật giáo và ảnh hưởng của nó đối với đời sống của người dân Quảng Trị trong thời đại ngày nay  |c Ngô Thị Hiệp ; Trần Ngọc Ánh hướng dẫn  |k Khóa luận tốt nghiệp 
260 |a Đà Nẵng  |b Đại học Sư phạm, Đại học Đà Nẵng  |c 2013 
300 |a 78 tr.  |b mh.  |c 29 cm.  |e Bản tóm tắt 
500 |a Khóa luận tốt nghiệp đại học. Chuyên ngành: Sư phạm Giáo dục chính trị 
504 |a Mục lục đầu trang, tài liệu tham khảo tr. 73 - 74, phụ lục [13 tr.] 
520 |a Khái quát chung về phật giáo và quá trình du nhập và phát triển phật giáo Việt Nam. Tư tưởng nhân quả và ảnh hưởng của nó đối với đời sống người dân Quảng Trị 
600 1 4 |b Vua  |c Đinh Tiên Hoàng 
650 0 4 |a Phật giáo  |v Khóa luận tốt nghiệp  |x Tư tưởng nhân quả 
653 |a Khoa Giáo dục chính trị 
653 |a Tư tưởng nhân quả 
653 |a Phật giáo 
700 1 |a Trần Ngọc Ánh  |c T.S  |e Hướng dẫn 
OWN |a LSP 
AVA |a UDN50  |b LSP  |d 294.3071 NG-H  |e available  |t Error 5001 Not defined in file expand_doc_bib_avail.  |f 1  |g 0  |h N  |i 0  |k 1 
999 |a From the UDN01 
AVA |a UDN50  |b LSP  |d 294.3071 NG-H  |e available  |t Error 5001 Not defined in file expand_doc_bib_avail.  |f 1  |g 0  |h N  |i 0  |k 1 
TYP |a Monograph 
TYP |a Printed language 
980 |a Mạng thư viện Đại học Đà Nẵng